Lecciónes de gramática castellana /

Guardado en:
Autor Principal: Machado, Ricardo
Formato: Libro
Publicado: Buenos Aires : Kapelusz, 0
Materias:
Etiquetas: Agregar Etiqueta
Sin Etiquetas, Sea el primero en etiquetar este registro!
LEADER 00441nam a22001575a 4500
001 CEM.cems004056
005 20060216000000.0
008 130507b######################000#0#####d
003 CEMS
082 0 4 |a 468 
100 1 |a Machado, Ricardo 
245 1 0 |a Lecciónes de gramática castellana / 
260 |a Buenos Aires :  |b Kapelusz, 0 
300 |a 183 p. 
653 |a Gramática española 
859 |a CEMS  |b BIB. CEMS - 11 de abril  |h 468  |i M11/II  |p 10249.81  |t Ej.1